10 biggest fast-food chains in America in order - Statistics

General Stats
  • This quiz has been taken 32 times
  • The average score is 6 of 10
Answer Stats
Hint Answer % Correct
2 McDonalds
95%
1 Subway
91%
3 Burger King
77%
8 KFC
64%
6 Wendy's
55%
4 Taco Bell
50%
5 Pizza Hut
45%
7 Dominos
41%
10 Arby's
23%
9 Dairy Queen
14%
No matching quizzes found
Score Distribution
Percent of People with Each Score
Percentile by Number Answered
Your Score History
You have not taken this quiz